000 00353nam a2200145Ia 4500
008 230312s9999||||xx |||||||||||||| ||und||
020 _a0-340-41214-3
082 _a616.120
_bCHA-I
100 _aChalmers;Alan,G
245 0 _aImaging in clinical Practice
260 _bAlan
_alondon
_c1988
300 _a340
650 _aMedical
_vHistology
942 _cBK
999 _c2159
_d2159